=LDR 00000nam 2200000 4500 =001 INLIS000000000042867 =005 20131008015700 =008 ***********************************Ind** =035 ##$$0010-101300000000789 =041 ##$$a Ind =082 ##$$a 616.072 31 =090 ##$$a 616.072 31, Kep k =245 ##$$a Keperawatan ortopedik =260 ##$$a 2011 $b Jakarta =300 ##$$a xiii, 624 hlm., ilus, 27 cm =650 ##$$a Perawat Dan Perawatan Ortopedi =700 ##$$a Julia D Kneale =850 ##$$a NBPNMAT =990 ##$$a 90262/BPAP-NTB/2014 =990 ##$$a 90264/BPAP-NTB/2014 =990 ##$$a 0001/BPAP-NTB/20142015 =990 ##$$a 2090101282/BPAP-NTB/2015